000 01017nam a22002295i 4500
001 154306
003 ES-MaACL
005 20230906205645.0
008 960806s1875 sp |||| | spa d
040 _aCARM
_bspa
_cCCPB | SIC
080 _a929 Giménez Enrich, Saturnino
080 _a946.033 Cartagena "18"
100 1 _aGiménez Enrich, Saturnino.
_9149333
245 1 0 _aCartagena
_b: (Recuerdos cantonales) /
_cSaturnino Giménez.
260 _aMadrid, etc. :
_bSociedad Bibliográfica Peninsular,
_c1875.
300 _a254 p. ;
_c17 cm.
490 1 _aAutores modernos españoles
651 4 _aCartagena-
_xHistoria-
_yS.XIX.
_9149334
830 0 _aAutores modernos españoles
_9221487
852 _aES-MaACL
_jG-477
_z-- Sin enc.
_z-- Sobre el pie de imp. consta una banderilla: "Madrid : Cárlos Bailly-Bailliere"
_x-- Edic.: El pie de imp. es: "Madrid: Librería de A. San Martín; Madrid ; Barcelona : Sociedad Bibliográfica Peninsular, 1875 (Barcelona : Tip. de J. Pons)"
999 _c154306
_d154306